000 00337nam a2200133Ia 4500
008 151001s9999||||xx |||||||||||||| ||und||
100 _a कुश्नचंदर
245 _aगद्दार
250 _a1
260 _bभारतीय जनसहयोग
260 _c2001
300 _a80
365 _b21
999 _c979256
_d979253